000 00368 a2200157 4500
001 156995
040 _cEscola São Tomás de Aquino
100 _aASSUMPÇÃO, Adyr
240 1 0 _aCaminhos da África
_lpor
245 1 0 _aCaminhos da África
300 _a45
362 0 _a2013
440 1 _aDimensão
697 _aFolclore / Adivinhações / Lendas
942 _cBK
999 _c156995
_d156995